|
|
|
|
| LEADER |
01121nam a22002777a 4500 |
| 001 |
33927 |
| 003 |
BD-DhAAL |
| 005 |
20181108113917.0 |
| 008 |
181108t2006 bg a|||| |||| 00| 0 ben d |
| 999 |
|
|
|c 40184
|d 40184
|
| 020 |
|
|
|a 9844019664
|
| 040 |
|
|
|a BD-DhAAL
|
| 041 |
|
|
|a ben
|
| 082 |
|
|
|2 23
|a 954.9205092
|
| 100 |
|
|
|a আবির, সৈয়দ
|9 28769
|
| 245 |
|
|
|a বঙ্গবন্ধু শেখ মুজিব :
|b অলৌকিক মহিমা /
|c সৈয়দ আবির
|
| 246 |
|
|
|a Bangabandhu sk mujib alowkik mohima
|
| 260 |
|
|
|a ঢাকা :
|b আগামী প্রকাশনী,
|c ২০০৬
|
| 300 |
|
|
|a ৬৩ পৃষ্ঠা ;
|c ২২ সে.মি.
|
| 526 |
|
|
|a AAL
|
| 541 |
|
|
|a Boibazar.com
|e 33927
|
| 600 |
|
|
|a Sheikh, Mujibur Rahman
|d 1920-1975
|9 28770
|
| 651 |
|
|
|a Bangladesh
|x Politics and government.
|9 28771
|
| 852 |
|
|
|a Ayesha Abed Library
|c Bangabandhu Corner
|
| 942 |
|
|
|2 ddc
|c BK
|
| 952 |
|
|
|0 0
|1 0
|2 ddc
|4 0
|6 954_920509200000000_ABI
|7 0
|9 64577
|a BRACUL
|b BRACUL
|c BNC
|d 2018-11-01
|e Boibazar.com
|g 63.00
|l 0
|o 954.9205092 ABI
|p 3010033927
|r 2018-11-01
|t 1
|v 63.00
|w 2018-11-01
|y BK
|